Los materiales de autoaprendizaje: marco para su elaboración

Guardat en:
Dades bibliogràfiques
Autor principal: Kaplún, Mario (Autor)
Format: Llibre
Idioma:espanyol
Publicat: Santiago Unesco 1995
Matèries:
Etiquetes: Afegir etiqueta
Sense etiquetes, Sigues el primer a etiquetar aquest registre!

MARC

LEADER 00000nam a2200000 a 4500
001 UCP2395
003 CL-VaPUC
008 990514e19950000CL |||||||||||||||||spa|d
082 0 4 |a 371.394  |b KAP  |2 21 
100 |a Kaplún, Mario  |e author  |9 555606 
245 1 4 |a Los materiales de autoaprendizaje: marco para su elaboración 
300 |a 142 p 
942 |c BK 
945 |d 19990514 00:00:00  |a rbrito 
260 |a Santiago  |b Unesco  |c 1995 
650 0 |a Métodos de enseñanza  |9 270413 
650 0 |a Autoaprendizaje   |9 429105 
650 0 |a Educación de adultos  |9 307580 
583 |a last modification  |c 19990514 00:00:00  |k Rodrigo Vera 
999 |c 280930  |d 280928 
952 |0 0  |1 0  |4 0  |6 371_394000000000000_KAP_1995  |7 0  |8 A  |9 321471  |a BIBEDU  |b BIBEDU  |d 2019-11-20  |i 3517357  |o 371.394 KAP 1995  |p 3517357  |r 2019-11-20  |w 2019-11-20  |y BK  |k BME 
952 |0 0  |1 0  |4 0  |6 371_394000000000000_KAP_1995  |7 0  |8 A  |9 321473  |a BIBEDU  |b BIBEDU  |d 2019-11-20  |i 4636872  |o 371.394 KAP 1995  |p 4636872  |r 2019-11-20  |w 2019-11-20  |y BK  |k EPE 
952 |0 0  |1 0  |4 0  |6 371_394000000000000_KAP_1995  |7 0  |8 A  |9 321474  |a BIBEDU  |b BIBEDU  |d 2019-11-20  |i 4636880  |o 371.394 KAP 1995  |p 4636880  |r 2019-11-20  |w 2019-11-20  |y BK  |k EPE 
952 |0 0  |1 0  |4 0  |6 371_394000000000000_KAP_1995  |7 0  |8 A  |9 321475  |a BIBEDU  |b BIBEDU  |d 2019-11-20  |i 4636899  |o 371.394 KAP 1995  |p 4636899  |r 2019-11-20  |w 2019-11-20  |y BK  |k EPE 
952 |0 0  |1 0  |4 0  |6 371_394000000000000_KAP_1995  |7 0  |8 A  |9 321476  |a BIBEDU  |b BIBEDU  |d 2019-11-20  |i 4636902  |o 371.394 KAP 1995  |p 4636902  |r 2019-11-20  |w 2019-11-20  |y BK  |k EPE